Engineering physics (Record no. 136298)

000 -LEADER
fixed length control field 00222nam a2200097Ia 4500
008 - FIXED-LENGTH DATA ELEMENTS--GENERAL INFORMATION
fixed length control field 220120s9999||||xx |||||||||||||| ||und||
082 ## - DEWEY DECIMAL CLASSIFICATION NUMBER
Classification number 530 BAS
100 ## - MAIN ENTRY--PERSONAL NAME
Personal name Basavaraju, S.B
245 #0 - TITLE STATEMENT
Title Engineering physics
300 ## - PHYSICAL DESCRIPTION
Other physical details 295
Holdings
Withdrawn status Lost status Damaged status Not for loan Collection code Home library Current library Date acquired Barcode Date last seen Price effective from Koha item type
        Humanity Science Central Library Central Library 01/20/2022 GF157 01/20/2022 01/20/2022 Gift Books

Powered by Koha